Derecho penal: parte general

Na minha lista:
Detalhes bibliográficos
Autor principal: Sauer, Guillermo (Autor)
Formato: Livro
Idioma:espanhol
Publicado em: Barcelona Bosch 1956
Assuntos:
Tags: Adicionar Tag
Sem tags, seja o primeiro a adicionar uma tag!

MARC

LEADER 00000nam a2200000 a 4500
001 UCY6743
003 CL-VaPUC
008 950602e19560000SP |||||||||||||||||spa|d
082 0 4 |a 345  |b SAU  |2 21 
100 0 |a Sauer, Guillermo  |e author  |9 336796 
245 1 0 |a Derecho penal: parte general 
300 |a 431 p 
942 |c BK 
945 |d 19950602 00:00:00  |a aalvarez 
260 |a Barcelona  |b Bosch  |c 1956 
650 7 |a DERECHO PENAL  |2 CL-VaPUC  |9 11 
650 0 |a Aplicación de la pena  |9 336797 
650 0 |a Delitos  |9 224143 
650 0 |a Penas   |9 255927 
583 |a last modification  |c 19950602 00:00:00  |k Rodrigo Vera 
999 |c 234263  |d 234261 
952 |0 0  |1 0  |4 0  |6 345_000000000000000_SAU_1956  |7 0  |8 A  |9 240348  |a BIBDER  |b BIBDER  |d 2019-11-18  |i 2001365  |o 345 SAU 1956  |p 2001365  |r 2023-01-25  |w 2019-11-18  |y BK  |k DER